000
00337nam a2200145Ia 4500
008
210210b xxu||||| |||| 00| 0 eng d
041
_a
eng
082
_a
821/529
100
_a
POE (E A)
245
_a
Poems
260
_a
London
_b
George Routledge and Sons Limited
_c
650
_a
Poems
690
_a
English Literature
906
_a
011698
999
_c
130386
_d
130386